000 00747nab a2200229u 4500
001 17027
003 HDC
007 c| |||a|c|aaaa
008 210221b20140527my ||||| |||| 00| 0 may d
040 _aHDC
245 0 _aTERAJU buka peluang kedua usahawan gagal sertai SUPERB
336 _atext
_2rdacontent
337 _acomputer
_2rdamedia
338 _aonline resource
_2rdacarrier
650 _aSkim Permulaan Usahawan Bumiputera (SUPERB)
_916610
650 _aTERAJU
_98153
710 _aBERITA HARIAN
856 _zRequest full-text at [email protected]
942 _2lcc
942 _cNEWS
942 _kNWSC 004964
999 _c14343
_d14343